| 000 | 01048cam a22002778a 4500 | ||
|---|---|---|---|
| 005 | 20171017103433.0 | ||
| 008 | 961122s1996 dcuab b 000 0 eng | ||
| 020 | _a0821338080 | ||
| 020 | _a9780821338087 | ||
| 040 |
_aDLC _cDLC _dGZM _dMYG _dCO-BoIAVH |
||
| 041 | 0 | _aeng | |
| 044 | _axxu | ||
| 082 | 0 | 0 |
_a333.956 _bK87f |
| 100 | 1 |
_aKottelat, Maurice _eautor |
|
| 245 | 1 | 0 |
_aFreshwater biodiversity in Asia : _bwith special reference to fish / _cMaurice Kottelat and Tony Whitten. |
| 260 |
_aWashington, D.C. (EE.UU.) : _bWorld Bank, _cc1996. |
||
| 300 |
_aix, 59 páginas : _bilustraciones y mapas ; _c28 x 21 cm. |
||
| 490 | 0 |
_aWorld Bank technical paper, _v343. _x0253-7494 ; _aAsia Technical Department series |
|
| 504 | _aIncluye referencias bibliográficas: páginas 49-55. | ||
| 650 | 2 | 6 |
_aBiodiversidad _zAsia |
| 650 | 2 | 6 |
_aPeces de agua dulce _zAsia |
| 650 | 2 | 6 |
_aEcología de agua dulce _zAsia |
| 650 | 2 | 6 |
_aBiología pesquera _zAsia |
| 700 | 1 |
_aWhitten, Tony _d1953- _eautor |
|
| 942 |
_2ddc _cLIBRO |
||
| 999 |
_c704 _d704 |
||